| 000 | 00398nam a2200145Ia 4500 | ||
|---|---|---|---|
| 008 | 230917s9999||||xx |||||||||||||| ||und|| | ||
| 040 |
_e119853 _aMAIN |
||
| 041 | _aEnglish | ||
| 082 | _a541.372 F221F | ||
| 100 | _aYoung, D. A | ||
| 245 | 0 | _aFaraday discussions of the chemical society No.64 | |
| 260 |
_aLondon _bThe Faraday divison chemical society _c1977 |
||
| 300 | _a361p. p. | ||
| 942 | _cBK | ||
| 999 |
_c227961 _d227961 |
||